| 000 | 00887cam a2200277 a 4500 | ||
|---|---|---|---|
| 001 | 000011808 | ||
| 005 | 20200929162556.0 | ||
| 008 | 810706s1981 sp b 000 f spa | ||
| 020 | _a8474231205 | ||
| 035 | _a(DLC) 80144235 | ||
| 040 |
_aDO-SdBNP _bspa _cDLC _dBNPHU |
||
| 082 |
_a410 _bL431e, 1981 |
||
| 100 | 1 |
_aLázaro Carreter, Fernando, _d1923-2004. _916952 |
|
| 245 | 1 | 0 |
_aEstudios de linguística / _cFernando Lázaro Carreter. |
| 250 | _a2a ed. | ||
| 260 |
_aBarcelona : _bCrítica: _bGrijalbo, _c1981.. |
||
| 300 |
_a251 p. ; _c20 cm. |
||
| 490 | 1 | _aEstudios de lingüística | |
| 490 | 1 |
_aFilología _v8 |
|
| 504 | _aIncludes bibliographical references. | ||
| 650 | 4 |
_aLinguística _xEnseñanza _927959 |
|
| 650 | 4 |
_aGramática _xEnseñanza _927960 |
|
| 830 | 0 |
_aEstudios de lingüística ; _v8, _pFilología. _927961 |
|
| 910 | _aCatalogación derivada | ||
| 049 | _aBNGR | ||
| 999 |
_c11482 _d11482 |
||